MARC

LEADER 00000nam0a2200000 4500
001 300676
005 20231102001326.0
035 |a (RuTPU)RU\TPU\book\325829 
090 |a 300676 
100 |a 20150714d1983 km y0rusy50 ca 
101 0 |a rus 
102 |a RU 
105 |a a z 001zy 
200 1 |a Электродинамика анизотропных волноведущих структур  |f Е. П. Курушин, Е. И. Нефедов  |g Академия наук СССР (АН СССР), Институт радиотехники и электроники (ИРЭ) 
210 |a Москва  |c Наука  |d 1983 
215 |a 223 с.  |c ил. 
320 |a Библиогр.: с. 205-214 
320 |a Предметный указатель: с. 215-221 
606 1 |a Электромагнитные волны  |x Дифракция  |x (радиоэлектроника)  |2 stltpush  |3 (RuTPU)RU\TPU\subj\68724  |9 83890 
610 1 |a волноведущие среды 
610 1 |a резонансные структуры 
610 1 |a анизотропные включения 
610 1 |a анизотропные пленки 
610 1 |a миллиметровые волны 
610 1 |a граничные условия 
610 1 |a импеданс 
675 |a 621.371.33  |v 4 
700 1 |a Курушин  |b Е. П.  |g Евгений Петрович 
701 1 |a Нефедов  |b Е. И.  |g Евгений Иванович 
712 0 2 |a Академия наук СССР (АН СССР)  |b Институт радиотехники и электроники (ИРЭ)  |c (Москва)  |2 stltpush  |3 (RuTPU)RU\TPU\col\14322 
801 1 |a RU  |b 63413507  |c 20150714 
801 2 |a RU  |b 63413507  |c 20180615  |g RCR 
942 |c BK